00484nam a2200193 a 4500001001300000003000900013005001700022008004100039020001000080082001300090100002000103245003800123260003200161300000900193500003500202505002000237650001300257700002000270nice12345678IN_TiNIC20260116012852.0050524s1969 lona grp 000 0 eng  ac10000a230bYOU aYoung, Norman J aHistory and Existential Theology. aLondonbEpworth Pressc1969 a174p aincludes index and biblioraphy2 aNotes and Index aTheology1 aYoung, Norman J